NLSUI OPAC header image

Comparative corporate governance : A Chinese perspective (Record no. 26586)

MARC details
000 -LEADER
fixed length control field 00485nam a2200157Ia 4500
008 - FIXED-LENGTH DATA ELEMENTS--GENERAL INFORMATION
fixed length control field 160316s2003 xxu||||| |||| 00| 0 eng d
082 ## - DEWEY DECIMAL CLASSIFICATION NUMBER
Classification number 346.066000
Item number WEI
100 ## - MAIN ENTRY--PERSONAL NAME
Personal name Wei Yuwa
245 ## - TITLE STATEMENT
Title Comparative corporate governance : A Chinese perspective
250 ## - EDITION STATEMENT
Edition statement
260 ## - PUBLICATION, DISTRIBUTION, ETC.
Place of publication, distribution, etc. The Hague
Name of publisher, distributor, etc. Kluwer Law International
Date of publication, distribution, etc. 2003
300 ## - PHYSICAL DESCRIPTION
Extent 240p
Other physical details
Dimensions xix
365 ## - TRADE PRICE
Price amount Rs. 8,592
650 ## - SUBJECT ADDED ENTRY--TOPICAL TERM
Topical term or geographic name entry element 1. Corporate Governance - A Comparative Study<br/>2. Comprative Corporate Governance
700 ## - ADDED ENTRY--PERSONAL NAME
Personal name
--
Holdings
Withdrawn status Lost status Damaged status Not for loan Home library Current library Shelving location Date acquired Cost, normal purchase price Total Checkouts Full call number Barcode Date last seen Price effective from Koha item type
        . .   30.05.2017 8592.00   346.066 WEI 23946 30.05.2017 30.05.2017 BOOKs